| 000 | 01272cam a2200373 a 4500 | ||
|---|---|---|---|
| 003 | OSt | ||
| 005 | 20140310184237.0 | ||
| 008 | 990303s2000 nyu j 000 1 eng | ||
| 010 | _a 99020740 | ||
| 020 | _a0439934184 | ||
| 040 |
_aDLC _cDLC _dDLC |
||
| 042 | _alcac | ||
| 050 | 0 | 0 |
_aPZ 7 _b.N24Jad 2007 |
| 100 | 1 |
_aNaylor, Phyllis Reynolds. _95149 |
|
| 245 | 1 | 0 |
_aJade green : _ba ghost story / _cPhyllis Reynolds Naylor. |
| 250 | _a1st ed. | ||
| 260 |
_aNew York : _bAtheneum, _c2007. |
||
| 300 |
_a168 p. ; _c20 cm. |
||
| 521 | _aG8 | ||
| 526 | _c1040 | ||
| 650 | 1 |
_aHaunted houses _vFiction. _929326 |
|
| 650 | 1 |
_aGhosts _vFiction. _929327 |
|
| 650 | 1 |
_aOrphans _vFiction. _929328 |
|
| 650 | 1 |
_aUncles _vFiction. _929329 |
|
| 650 | 1 |
_aHorror stories. _93825 |
|
| 856 | 4 | 2 |
_3Contributor biographical information _uhttp://www.loc.gov/catdir/bios/simon051/99020740.html |
| 856 | 4 | 2 |
_3Publisher description _uhttp://www.loc.gov/catdir/description/simon031/99020740.html |
| 906 |
_a7 _bcbc _corignew _d1 _eocip _f19 _gy-gencatlg |
||
| 942 |
_cBK-SCHOLAS _2lcc |
||
| 999 |
_c33206 _d33206 |
||